| 000 | 00821 a2200181 4500 | ||
|---|---|---|---|
| 003 | Nust | ||
| 005 | 20170207153414.0 | ||
| 040 | _cNust | ||
| 082 | _a355.07 | ||
| 100 | _aStoessonger G. John | ||
| 245 |
_aWhy Nations Go to war _bWar _cJohn G. Stoessinger |
||
| 260 |
_aPakistan _bService Book _c2003 |
||
| 300 | _a246p.; | ||
| 505 | _aThe Iron Dice World War I (Page-1), Barbarossa Hilter’s Attack on Russia (Page-27), The Temptations of Victory Korea (Page-55), A Greek Tragedy in Five Vietnam (Page-84), Three Battles Over God; India and Pakistan in 1947(Page-116), The Forty Years War in the Holy Land Israel and Arabs (Page-142), The Prices of Martyrdom The Persian Gulf (Page-188), Why Nation Go to War (Page-205), | ||
| 538 | _aAlmirah No.53 Shelf No.5 | ||
| 600 | _aJohn g Stoessinger | ||
| 650 | _aNation go to war | ||
| 942 |
_2ddc _cBK |
||
| 999 |
_c185493 _d185493 |
||